000 00450cam a2200157 a 4500
040 _cDLC
082 0 0 _a635 SIN 1983 A042 Or.
100 1 _aPhang, V. P. E.
245 1 2 _aA list of orchid hybrids of Singapore and Malaysia, 1960-1980 /
260 _aSingapore :
_bSingapore University Press, National University of Singapore,
_cc1983.
300 _av, 85 p. ;
_c24 cm.
650 0 _aOrchids
650 0 _aOrchids
650 0 _aOrchids
942 _cEK
999 _c12387
_d12387